| 000 | 00886nam a2200253 i 4500 | ||
|---|---|---|---|
| 001 | bgj | ||
| 100 | 1 | _aCELCE-MURCIA, Marianne. | |
| 245 | 1 | 0 |
_aTechniques and Resources in Teaching Grammar / _cMarianne Celce-Murcia ; Sharon Hilles. |
| 260 |
_aOxford : _bOxford University Press, _cc. 1988. |
||
| 300 |
_aII, 189 pp : _bill. ; _c23 cm. |
||
| 490 | 1 | _aTeaching Techniques in English as a Second Language | |
| 504 | _aBibliography p. 176-185. | ||
| 505 | _aIncludes index. | ||
| 650 | 9 |
_aEnglish language _xStudy and teaching _xForeign speakers |
|
| 650 | 9 |
_aEnglish language _xGrammar _xStudy and teaching |
|
| 700 | 1 |
_aHILLES, Sharon. _eco-author |
|
| 830 | _aTeaching Techniques in English as a Second Language | ||
| 020 | _a0194341917 (pbk) | ||
| 040 | _cBPK | ||
| 041 | 0 | _aeng | |
| 920 | _a0-19-434191-7 (pbk) | ||
| 942 | _cKS | ||
| 008 | s uk f |000 0 eng | ||
| 999 |
_c47310 _d47310 |
||
| 856 |
_uhttp://koha.tu.koszalin.pl/cgi-bin/koha/opac-detail.pl?biblionumber=47310 _yKatalog online BPK |
||